Python for Algorithmic Trading

Spremljeno u:
Bibliografski detalji
Glavni autor: Yves Hilpisch
Format: Knjiga
Izdano: shroff
Teme:
Oznake: Dodaj oznaku
Bez oznaka, Budi prvi tko označuje ovaj zapis!

MARC

LEADER 00000nam a2200000Ia 4500
005 20260427112645.0
526 |b FinTech 
100 |a Yves Hilpisch 
020 |a 9781492053354 
650 |a Trading 
526 |a Masters 
942 |c BK 
245 |a Python for Algorithmic Trading 
260 |b shroff 
999 |c 21  |d 21 
952 |0 0  |1 0  |4 0  |7 0  |8 3  |a BRISTOL  |b BRISTOL  |d 2026-04-22  |l 0  |p 000112  |r 2026-04-27 11:26:45  |w 2026-04-27  |y BK